Đang tải...

Mineral wealth of the ocean : A teatise on distribution,origin exploration,mining and management of sea floor non-living resources. /

Chi tiết về thư mục
Tác giả chính: Ghosh, Anil K. And
Tác giả khác: Mukhopadhyay, Ranadhir
Ngôn ngữ:Undetermined
Được phát hành: New Delhi : Oxford and IBH , 1999.
Những chủ đề:
LEADER 00614nam a2200169Ia 4500
001 132998
008 170722s9999 xx 000 0 und d
020 |a 8120413555 
100 |a Ghosh, Anil K. And 
245 |a Mineral wealth of the ocean :  |b  A teatise on distribution,origin exploration,mining and management of sea floor non-living resources. / 
260 |a New Delhi :  |b Oxford and IBH ,  |c 1999. 
300 |a xi+255 
653 |a Geology 
700 |a Mukhopadhyay, Ranadhir 
942 |c GEN 
999 |c 119819  |d 119819 
952 |0 0  |1 0  |4 0  |6 H_79_N9  |7 0  |9 169532  |a LIB  |b LIB  |d 2017-08-12  |o H7:9 N9  |p 235265  |r 2017-08-12  |w 2017-08-12  |y GEN